Statistics for First and Last Capitals Alphabetically Which...

Click here to take the quiz!

General Stats

  • This quiz has been taken 66 times
    (55 since last reset)
  • The average score is 20 of 38

Answer Stats

Categories Capital City % Correct
Last OverallZagreb
94%
First Former YugoslaviaBelgrade
86%
First South AmericaAsunciĆ³n
83%
Last EuropeZagreb
83%
Last Former YugoslaviaZagreb
81%
First AfricaAbuja
81%
First EuropeAmsterdam
75%
First OceaniaApia
72%
Last North AmericaWashington, D.C
72%
First EU MemberAmsterdam
69%
First OverallAbu Dhabi
69%
Last AsiaYerevan
69%
Last OceaniaYaren
69%
Last AfricaYaounde
67%
Last EU MemberZagreb
67%
First USSRAshgabat
64%
First AsiaAbu Dhabi
61%
Last South AmericaSucre
61%
Last Bordering ChinaVientiane
53%
First Bordering RussiaAstana
53%
First Bordering ChinaAstana
50%
Last USSRYerevan
50%
First North AmericaBasseterre
50%
First Bordering RussiaWarsaw
47%
Last IslandYaren
42%
First IslandAntananarivo
33%
First 'LAND'Bangkok
31%
Last 6-LetterZagreb
31%
First British CommonwealthAbuja
28%
Last 'LAND'Wellington
28%
First MonarchyAmsterdam
28%
Last One-BorderVatican City
25%
Last British CommonwealthYaren
25%
BONUS #2Sucre
19%
Last MonarchyVatican City
19%
BONUS #1Belgrade
17%
First 6-LetterAnkara
17%
First One-BorderBandar Seri Begawan
17%

Score Distribution

Percentile by Number Answered

Percent of People with Each Score

Your Score History

You have not taken this quiz since the last reset